000 00334nam a22001457a 4500
008 221019b ||||| |||| 00| 0 eng d
020 _a0721629482
041 _aeng
080 _2SECOND EDITION
_a61
082 _a61 WIL
100 _a5
101 _aMJEK
245 _aEXERCISE IN HEALTH AND DISEASE
_cWILMORE P
942 _2udc
_cBK
999 _c58608
_d58608